Kereta dan Ford

Bibliographic Details
Main Author: Adi Alhadi
Format: Book
Published: Kuala Lumpur : Blue-T Publication Sdn. Bhd. , 2012
Series:Siri legenda
Subjects:

MARC

LEADER 00000cam a2200000 7i4500
001 0000205607
005 20160519.0
020 |a 9789675401145 
090 0 0 |a 609   |b ADI 
100 0 |a Adi Alhadi 
245 1 0 |a Kereta dan Ford   |c Adi Alhadi 
260 |a Kuala Lumpur :   |b Blue-T Publication Sdn. Bhd. ,   |c 2012 
300 |a 44p. :   |b ill. ;   |c 26cm. 
490 0 |a Siri legenda 
600 1 0 |a Ford, Henry ,   |d 1863-1947 
650 0 |a Automobile engineers   |v Biography   |v Juvenile literature   |z United States 
999 |a 00319010   |b BUKU   |c JUNIOR BOOKS   |e PERPUSTAKAAN KOMUNITI PETALING JAYA 
999 |a 00319011   |b BUKU   |c JUNIOR BOOKS   |e PERPUSTAKAAN KOMUNITI CAW KOTA DAMANSARA 
999 |a 00319012   |b BUKU   |c JUNIOR BOOKS   |e PERPUSTAKAAN KOMUNITI CAW TAMAN MEDAN